|
|
|
|
| LEADER |
00000cas a2200000 a 4500 |
| 005 |
20110922102010.0 |
| 007 |
t| |
| 008 |
950926c19969999miugr e 0 a0eng c |
| 022 |
0 |
|
|a 1084-8614
|
| 035 |
|
|
|a 2762
|
| 040 |
|
|
|a NSDP
|c NSDP
|d WaU
|d InU
|d MH
|d DLC
|d GU
|d MH
|d SiSiNL
|d OCoLC
|d vLex
|
| 050 |
0 |
0 |
|a HD2324
|b .E53
|
| 082 |
0 |
0 |
|a 338/.005
|2 21
|
| 082 |
0 |
0 |
|a 338.003
|2 21
|
| 090 |
|
|
|c 2521
|d 2521
|
| 210 |
0 |
|
|a Encycl. glob. ind.
|
| 222 |
|
0 |
|a Encyclopedia of global industries
|
| 245 |
0 |
0 |
|a Encyclopedia of global industries.
|h [Recurso electrn̤ico]
|
| 246 |
1 |
3 |
|a EGI
|
| 256 |
|
|
|a Servicio en ln̕ea.
|
| 260 |
|
|
|a Detroit, MI :
|b Gale Research,
|c [1996] -
|
| 300 |
|
|
|a v. :
|b ill. ;
|c 29 cm.
|
| 310 |
|
|
|a Bienal
|
| 362 |
0 |
|
|a [1st ed.]-
|
| 506 |
1 |
|
|a Contenido solo disponible en los productos indicados
|d vLex Global
|d vLex Global (Academic Edition, excluding Law Schools)
|d vLex Global (Academic Edition, Law Schools)
|
| 650 |
0 |
4 |
|a Industrias
|v Enciclopedias
|
| 740 |
0 |
|
|a vLex Revistas (Servicio en ln̕ea)
|
| 856 |
4 |
0 |
|u http://vlex.com/source/encyclopedia-global-industries-2762
|z Acceso restringido
|
| 942 |
|
|
|c REV
|